Využitie softvéru PowerShape v procese návrhu súčiastky

Gespeichert in:
Bibliographische Detailangaben
1. Verfasser: Lehotský, Patrik, 1991- (Verfasst von)
Weitere Verfasser: Buranský, Ivan, 1982- (Betreuung Doktorarbeit)
Format: Manuskript Buch
Sprache:Slowakisch
Veröffentlicht: 2015
Schlagworte:
Online-Zugang:http://is.stuba.sk/zp/portal_zp.pl?podrobnosti=110933
Tags: Tag hinzufügen
Keine Tags, Fügen Sie das erste Tag hinzu!

MARC

LEADER 00000ntm a22000003a 4500
001 stuzp51061
003 SK-STU
005 20160719153736.8
007 ta
008 150427s2015----xo-----f-mn---000-0-slo-d
040 |a STU  |b slo 
041 0 |a slo 
100 1 |a Lehotský, Patrik,  |d 1991-  |u 063000  |4 aut  |U MTF Materiálovotechnologická fakulta  |T MTF Ústav výrobných technológií  |X 6839  |U M3000  |Y 83  |7 A000006839 
242 0 1 |a Application of PowerShape program in the design process of components  |y eng 
245 1 0 |a Využitie softvéru PowerShape v procese návrhu súčiastky 
260 |c 2015 
650 4 |a reverzné inžinierstvo  |2 slo 
650 4 |a 3D skenovanie  |2 slo 
650 4 |a trojuholníková sieť  |2 slo 
650 4 |a obrábanie  |2 slo 
650 4 |a reverse engineering  |2 eng 
650 4 |a 3D scanning  |2 eng 
650 4 |a triangular mesh  |2 eng 
650 4 |a machining  |2 eng 
700 1 |a Buranský, Ivan,  |d 1982-  |4 ths  |X 4587  |7 A000004587 
856 4 |u http://is.stuba.sk/zp/portal_zp.pl?podrobnosti=110933 
996 |c M* DP-12386  |l MMSKP  |s P  |a 0  |w stuzp51061_0001 
SQL |a stuzp51061  |b DDP  |c SLO  |d Využitie softvéru PowerShape v procese návrhu súčiastky  |e 6839  |f Lehotský, Patrik  |g 063000  |h 4587  |i Buranský, Ivan  |j 20150603  |k 187  |l 06  |m http://is.stuba.sk/zp/portal_zp.pl?podrobnosti=110933  |n I-PPN  |o 5.2.51. výrobné technológie